000
00300cam a2200145ua 4500
082
_a
620
_b
RAO/ST
100
_a
Rao, J. K .
_9
1679
245
_a
Structural Engineering /
250
_a
4 /
260
_a
Bangalore :
_b
Dixit & Co. ,
_c
1966.
300
_a
211 ; .
942
_c
BK
999
_c
60
_d
60
003
@
003
OSt